| 000 | 00838nam a2200241 a 4500 | ||
|---|---|---|---|
| 003 | DO-SdBNP | ||
| 005 | 20250127123939.0 | ||
| 007 | ta | ||
| 008 | 111107s2011 dr 000 0 spa d | ||
| 020 | _a9789945473506 | ||
| 040 |
_aDO-SdBNP _bspa _cBNPHU |
||
| 082 |
_axxxx _bP438i |
||
| 100 | 1 |
_aPérez Pérez, Manuel Otilio, _d1947- _978302 |
|
| 245 | 1 | 3 |
_aLa impronta indeleble de Tomás Bobadilla : _buno de los fundadores de la patria / _cManuel Otilio Pérez Pérez ; presentación Ligia Pérez |
| 260 |
_aSanto Domingo : _bSantuario, _c2011. _fEditora Búho |
||
| 300 |
_a211 p. ; _c23 cm. |
||
| 500 | _aIncluye datos biográficos del autor en la contraportada. | ||
| 504 | _aBibliografía : p. 209-210 | ||
| 590 | _aInventariado, 2022/ YL | ||
| 700 | 1 | 2 |
_aPérez, Ligia _epres. _982897 |
| 910 | _aYLockward | ||
| 942 |
_2ddc _cLBS1 |
||
| 999 |
_c35143 _d35143 |
||